| 000 | 00994 a2200265 4500 | ||
|---|---|---|---|
| 003 | Nust | ||
| 005 | 20170207154031.0 | ||
| 020 | _a0-201-61586-X | ||
| 040 | _cNust | ||
| 082 | _a005.1 | ||
| 082 | _a005.1 | ||
| 082 | _a005.1 | ||
| 100 | 1 | _aKernighan, Brian W. | |
| 245 | 0 | 4 |
_aThe practice of programming (E-Book) _cBrian W. Kernighan, Rob Pike |
| 260 |
_aReading, Mass. : _bAddison-Wesley, _c1999 |
||
| 300 | _a267 s. | ||
| 440 | 0 | _aAddison-Wesley professional computing series, | |
| 505 | _aChapter 1: Style (Page-1) Chapter 2: Algorithms and Data Structures(Page-29) Chapter 3: Design and Implementation(Page-61) Chapter 4: Interfaces(Page-85) Chapter 5: Debugging(Page-117) Chapter 6: Testing(Page-139) Chapter 7: Performance(Page-165) Chapter 8: Portability(Page-189) Chapter 9: Notation(Page-215) | ||
| 650 | 4 | _aComputer programming | |
| 650 | 4 | _aProgrammering | |
| 650 | 4 | _aProgrammering av datorer | |
| 650 | 4 | _aProgramutveckling | |
| 651 | _a(E-Book) | ||
| 700 | 1 | _aPike, Rob | |
| 942 |
_2ddc _cBK |
||
| 999 |
_c192187 _d192187 |
||